[Event "TCh-CHN 2016"]
[Site "China CHN"]
[Date "2016.11.01"]
[Round "18.5"]
[Board "1"]
[White "Wei, Yi"]
[Black "Xu, Xiangyu"]
[Result "1-0"]
[WhiteTitle "GM"]
[WhiteElo "2700"]
[BlackElo "2447"]
[WhiteTeam "Jiangsu"]
[BlackTeam "Chengdu"]
[WhiteFideId "8603405"]
[BlackFideId "8608288"]
[EventDate "2016.04.12"]

1. Nf3 Nf6 2. c4 c5 3. Nc3 Nc6 4. e3 e6 5. d4 d5 6. cxd5 exd5 7. Bb5 a6 8. Bxc6+
bxc6 9. O-O Bd6 10. dxc5 Bxc5 11. b3 Bg4 12. Bb2 O-O 13. Ne2 Bd6 14. Ne5 Bxe2
15. Qxe2 Qc7 16. Nf3 Nd7 17. Rac1 c5 18. Rfd1 Nb6 19. Qd3 Qe7 20. Qc3 f6 21. Qa5
Qa7 22. Ba3 Rac8 23. Nd4 Rf7 24. Bxc5 Rfc7 25. Ba3 Rxc1 26. Bxc1 Be5 27. Ba3 Qb7
28. g3 Kf7 29. Qb4 Rd8 30. Nc6 Re8 31. Rc1 1-0

[Event "TCh-CHN 2016"]
[Site "China CHN"]
[Date "2016.11.01"]
[Round "18.5"]
[Board "2"]
[White "Lin, Chen"]
[Black "Li, Di"]
[Result "0-1"]
[WhiteTitle "GM"]
[BlackTitle "FM"]
[WhiteElo "2526"]
[BlackElo "2420"]
[WhiteTeam "Jiangsu"]
[BlackTeam "Chengdu"]
[WhiteFideId "8602298"]
[BlackFideId "8607508"]
[EventDate "2016.04.12"]

1. e4 e5 2. Nf3 Nf6 3. Nxe5 d6 4. Nf3 Nxe4 5. Bd3 Nf6 6. O-O Be7 7. c3 O-O 8.
Bc2 b6 9. d4 Bb7 10. Re1 Nbd7 11. Bg5 Re8 12. Qd3 Nf8 13. Nbd2 h6 14. Bh4 Qd7
15. Bb3 a5 16. a4 Nh5 17. Bxe7 Rxe7 18. Rxe7 Qxe7 19. Re1 Qd7 20. Qe2 Nf4 21.
Qe3 Qg4 22. g3 N8g6 23. Bd1 Bc6 24. Ne5 Qh3 25. Bf3 Ng2 26. Qe2 Nxe1 27. Bxc6
Re8 28. Qf1 Qxf1+ 29. Kxf1 Rxe5 30. dxe5 Nxe5 31. Be4 N1d3 32. f4 d5 33. Bxd5
Ng4 34. Ke2 Nc5 35. h3 Nf6 36. Bc6 Kf8 37. b4 axb4 38. cxb4 Na6 39. b5 Nc5 40.
g4 Ke7 41. g5 hxg5 42. fxg5 Nfd7 43. Nc4 Nxa4 44. h4 g6 45. Kd3 Nac5+ 46. Kd4
Ne6+ 47. Ke3 Ng7 48. Kf4 Nc5 49. Ne3 Kd6 50. Nc4+ Ke6 51. Ne3 Nh5+ 52. Kg4 Nd3
53. Bd5+ Kd6 54. Kf3 Ne5+ 55. Ke4 Ng3+ 56. Kd4 Ne2+ 0-1

[Event "TCh-CHN 2016"]
[Site "China CHN"]
[Date "2016.11.01"]
[Round "18.5"]
[Board "3"]
[White "Yu, Ruiyuan"]
[Black "Liu, Guanchu"]
[Result "1/2-1/2"]
[WhiteTitle "GM"]
[BlackTitle "IM"]
[WhiteElo "2516"]
[BlackElo "2366"]
[WhiteTeam "Jiangsu"]
[BlackTeam "Chengdu"]
[WhiteFideId "8603090"]
[BlackFideId "8603901"]
[EventDate "2016.04.12"]

1. e4 e5 2. Nf3 Nf6 3. d4 Nxe4 4. Bd3 d5 5. Nxe5 Nd7 6. Nxd7 Bxd7 7. O-O Be7 8.
Nc3 Nf6 9. Ne2 O-O 10. Ng3 Bd6 11. Nf5 Bxf5 12. Bxf5 c6 13. Bg5 h6 14. Bh4 g5
15. Bg3 Bxg3 16. hxg3 Qd6 17. Qd3 Rae8 18. c3 Re7 19. Rfe1 Rfe8 20. Rxe7 Qxe7
21. Kf1 Kg7 22. Qd2 Ne4 23. Bxe4 Qxe4 24. Re1 Qxe1+ 25. Qxe1 Rxe1+ 26. Kxe1 h5
27. f3 Kg6 28. g4 hxg4 29. fxg4 f5 30. Kf2 fxg4 31. g3 1/2-1/2

[Event "TCh-CHN 2016"]
[Site "China CHN"]
[Date "2016.11.01"]
[Round "18.5"]
[Board "4"]
[White "Ren, Xiaoyi"]
[Black "Yuan, Ye"]
[Result "1/2-1/2"]
[WhiteElo "2157"]
[BlackElo "2212"]
[WhiteTeam "Chengdu"]
[BlackTeam "Jiangsu"]
[WhiteFideId "8608709"]
[BlackFideId "8608415"]
[EventDate "2016.04.12"]

1. d4 Nf6 2. g3 g6 3. Bg2 d5 4. Nf3 Bg7 5. c4 dxc4 6. Na3 c3 7. bxc3 O-O 8. O-O
c5 9. e3 Nc6 10. Bb2 Bf5 11. Qe2 Be4 12. Rfd1 Qa5 13. c4 Rfd8 14. d5 Nb4 15. Ng5
Bxg2 16. Kxg2 h6 17. Nf3 Ne4 18. Bxg7 Kxg7 19. Qb2+ Kg8 20. Nc2 b5 21. a3 Nxc2
22. Qxc2 Nd6 23. cxb5 Qxb5 24. Rac1 Rac8 25. e4 c4 26. Nd4 Qc5 27. Nc6 Rxc6 28.
dxc6 Qxc6 29. f3 Rc8 30. a4 f5 31. e5 Nf7 32. Qe2 Qxa4 33. Rd4 Qa5 34. Rdxc4
Rxc4 35. Qxc4 Qxe5 36. Rc2 Kg7 37. Re2 Qd6 38. Qe6 Kf8 39. Qc8+ Qd8 40. Qa6 Qd1
41. Rf2 Ne5 42. Qc8+ Kf7 43. Qh8 Nd3 44. Qh7+ Kf6 45. Qh8+ Kf7 46. Qh7+ Kf6 47.
Qh8+ Kf7 1/2-1/2

[Event "TCh-CHN 2016"]
[Site "China CHN"]
[Date "2016.11.01"]
[Round "18.5"]
[Board "5"]
[White "Ushenina, Anna"]
[Black "Guo, Qi"]
[Result "1/2-1/2"]
[WhiteTitle "GM"]
[BlackTitle "IM"]
[WhiteElo "2459"]
[BlackElo "2436"]
[WhiteTeam "Chengdu"]
[BlackTeam "Jiangsu"]
[WhiteFideId "14110911"]
[BlackFideId "8604002"]
[EventDate "2016.04.12"]

1. e4 e5 2. Nf3 Nf6 3. Nxe5 d6 4. Nf3 Nxe4 5. d4 d5 6. Bd3 Nc6 7. O-O Be7 8.
Nbd2 Bf5 9. Re1 Nxd2 10. Qxd2 Bxd3 11. Qxd3 O-O 12. c3 Qd7 13. Bf4 a6 14. Re3
Rae8 15. Rae1 Bd8 16. Bg3 Rxe3 17. fxe3 Re8 18. e4 dxe4 19. Rxe4 Rxe4 20. Qxe4
Qe6 21. Qxe6 fxe6 22. Ne1 Kf7 23. Nd3 b6 24. Kf2 Ke8 25. Kf3 Kd7 26. Ke4 Be7 27.
h4 Bd6 28. Bf2 Ne7 29. g4 Nd5 30. c4 Nb4 31. Nc1 a5 32. a3 Nc6 33. Ne2 Nd8 34.
c5 Bf8 35. cxb6 cxb6 36. d5 b5 37. Bb6 exd5+ 38. Kxd5 Nc6 39. Nd4 Nxd4 40. Kxd4
g6 41. Bxa5 Bg7+ 42. Kc5 Bxb2 43. Bb4 h5 44. gxh5 gxh5 45. Kxb5 Bf6 46. Be1 Kc7
47. Ka6 Kb8 48. a4 Ka8 49. Kb6 Bd8+ 50. Kc6 Ka7 51. Kd7 Bxh4 52. Bxh4 Ka6 53.
Be1 h4 54. Bxh4 Ka5 55. Kc6 Kxa4 1/2-1/2

[Event "TCh-CHN 2016"]
[Site "China CHN"]
[Date "2016.11.01"]
[Round "18.6"]
[Board "1"]
[White "Fang, Yuxiang"]
[Black "Wen, Yang"]
[Result "1/2-1/2"]
[WhiteTitle "IM"]
[BlackTitle "GM"]
[WhiteElo "2502"]
[BlackElo "2614"]
[WhiteTeam "Qingdao"]
[BlackTeam "Shandong"]
[WhiteFideId "8605840"]
[BlackFideId "8602956"]
[EventDate "2016.04.12"]

1. Nf3 d5 2. d4 Nf6 3. c4 e6 4. cxd5 exd5 5. Nc3 c6 6. Bg5 Be7 7. e3 Bf5 8. Bd3
Bxd3 9. Qxd3 Nbd7 10. O-O O-O 11. Rab1 a5 12. Qc2 Re8 13. Rfd1 Qb8 14. Bf4 Bd6
15. Bxd6 Qxd6 16. h3 g6 17. a3 Qe7 18. Rbc1 Nh5 19. Na4 Ng7 20. Nc5 Nxc5 21.
Qxc5 Qd8 22. Ne5 Nf5 23. Qc2 Nd6 24. a4 Qe7 25. Qc5 Qd8 26. Qc2 Qe7 27. Qc5 Qe6
28. Qc2 Rac8 29. Qc3 Ra8 30. Qc2 Rec8 31. Nd3 Qe7 32. Qc5 Qd8 33. Qc2 Rc7 34.
Ne5 Re7 35. Nd3 Rc8 36. b3 Nf5 37. Qd2 Ra8 38. Ne5 Nd6 39. Qc2 Rc8 40. Nd3 h5
41. Ne5 Kg7 42. Qe2 Qb6 43. Qc2 Rce8 44. Nd3 Qd8 45. Ne5 Nf5 46. Rb1 Qd6 47. Nd3
Ra8 48. Ne5 Qe6 49. Nd3 Qe4 50. Rbc1 Qh4 51. Ne5 Qf6 52. Rb1 Nh4 53. Qe2 Qg5 54.
g3 Nf5 55. Qf3 Rae8 56. Qf4 Qxf4 57. gxf4 Ra8 58. Nd3 Nd6 59. Rdc1 Ra6 60. Kg2
Kf6 61. Kf3 Rb6 62. Rb2 Ra6 63. Nc5 Ra7 64. Nd3 Kf5 65. Rg1 Ne4 66. Rc2 f6 67.
Nc5 Nd6 68. h4 Rg7 69. Rcc1 Ra8 70. Rg2 Rag8 71. Nd3 Ke6 72. Rc5 Nf5 73. Rh2 Ra8
74. Rc1 Kd6 75. Kg2 Rag8 76. Rc5 b6 77. Rc1 Re7 78. Rh3 Rc7 79. Rhh1 c5 80.
dxc5+ bxc5 81. Kh3 c4 82. bxc4 dxc4 83. Rhd1 Ke6 84. e4 Nd6 85. e5 Ne4 86. Kg2
Rgc8 87. f3 cxd3 88. Rxc7 Rxc7 89. fxe4 fxe5 90. Rxd3 Rc4 91. fxe5 Rxe4 92. Rd6+
Kf7 93. Rd7+ Kf8 94. Rd6 Kg7 95. Rd7+ Kf8 96. Rd6 Kg7 97. Rd7+ Kh6 98. Rd5 Rxa4
99. e6 Kg7 100. Re5 Kf8 101. e7+ Ke8 102. Kh3 Ra1 103. Kg2 Ra2+ 104. Kh3 Ra3+
105. Kg2 Ra4 106. Kh3 Ra1 107. Kg2 a4 108. Re6 a3 109. Rxg6 Rb1 110. Ra6 Rb2+
111. Kf3 Rb3+ 112. Kf4 Kxe7 113. Kg5 Rg3+ 114. Kxh5 1/2-1/2

[Event "TCh-CHN 2016"]
[Site "China CHN"]
[Date "2016.11.01"]
[Round "18.6"]
[Board "3"]
[White "Mu, Ke"]
[Black "Bu, Xiangzhi"]
[Result "0-1"]
[BlackTitle "GM"]
[WhiteElo "2418"]
[BlackElo "2719"]
[WhiteTeam "Qingdao"]
[BlackTeam "Shandong"]
[WhiteFideId "8602778"]
[BlackFideId "8601445"]
[EventDate "2016.04.12"]

1. d4 Nf6 2. c4 e6 3. Nf3 b6 4. g3 Bb7 5. Bg2 Bb4+ 6. Bd2 c5 7. O-O O-O 8. dxc5
Bxc5 9. Nc3 Nc6 10. Bf4 Qe7 11. Ne5 Rad8 12. Nd3 Bd4 13. Nb5 d5 14. cxd5 Nxd5
15. Nxd4 Nxd4 16. Bd2 Rfe8 17. e3 Ba6 18. exd4 Bxd3 19. Re1 Ba6 20. h4 h6 21.
Qb3 Bb7 22. Rad1 Nf6 23. Bf4 Bxg2 24. Kxg2 Nd5 25. Bd2 Rd7 26. Qf3 Red8 27. Bc1
Nb4 28. Qg4 Nc2 29. Re5 Rxd4 30. Rxd4 Nxd4 31. Bxh6 f5 32. Qg6 Qb7+ 33. f3 Qxf3+
34. Kh2 Qf2+ 0-1

[Event "TCh-CHN 2016"]
[Site "China CHN"]
[Date "2016.11.01"]
[Round "18.6"]
[Board "4"]
[White "Zhai, Mo"]
[Black "Zhou, Guijue"]
[Result "0-1"]
[WhiteTitle "WGM"]
[BlackTitle "WIM"]
[WhiteElo "2371"]
[BlackElo "2239"]
[WhiteTeam "Shandong"]
[BlackTeam "Qingdao"]
[WhiteFideId "8600201"]
[BlackFideId "8602905"]
[EventDate "2016.04.12"]

1. d4 Nf6 2. c4 e6 3. Nf3 d5 4. Nc3 c6 5. e3 Nbd7 6. Be2 Bd6 7. O-O O-O 8. a4
dxc4 9. Nd2 e5 10. Nxc4 Bc7 11. a5 exd4 12. Qxd4 Nb8 13. Rd1 Qxd4 14. Rxd4 Na6
15. b3 Be6 16. Ba3 Rfd8 17. Be7 Rxd4 18. exd4 Re8 19. Bxf6 gxf6 20. Ne4 Kg7 21.
Bf3 Rd8 22. Rd1 f5 23. Ng3 Nb4 24. Rd2 Kg6 25. Kf1 b5 26. axb6 axb6 27. Ne2 b5
28. Ne3 Ra8 29. g3 Bxb3 30. Kg2 Ra2 31. Rxa2 Bxa2 32. Nc3 Bb3 33. d5 cxd5 34.
Nexd5 Nxd5 35. Bxd5 Bxd5+ 36. Nxd5 Bd6 37. Kf3 b4 38. Ke2 f4 39. Kd3 fxg3 40.
hxg3 Kg5 41. Kc4 h6 42. Ne3 h5 43. Kd4 b3 44. Nc4 Kg4 45. Kc3 Bxg3 46. fxg3 Kxg3
47. Nd6 h4 48. Nf5+ Kg4 49. Nh6+ Kf4 0-1

[Event "TCh-CHN 2016"]
[Site "China CHN"]
[Date "2016.11.01"]
[Round "18.6"]
[Board "5"]
[White "Chu, Ruotong"]
[Black "Yao, Lan"]
[Result "1/2-1/2"]
[WhiteElo "2078"]
[BlackElo "2132"]
[WhiteTeam "Shandong"]
[BlackTeam "Qingdao"]
[WhiteFideId "8605653"]
[BlackFideId "8610835"]
[EventDate "2016.04.12"]

1. d4 Nf6 2. c4 e6 3. g3 Bb4+ 4. Bd2 a5 5. Bg2 O-O 6. Nf3 b6 7. Ne5 Ra7 8. O-O
Bb7 9. Bxb7 Rxb7 10. Bf4 Be7 11. Nc3 d6 12. Nf3 Nh5 13. Bd2 f5 14. d5 e5 15. e4
Qe8 16. exf5 Rxf5 17. Be3 Na6 18. Nd2 Rf8 19. a3 Nf6 20. Qb1 Ng4 21. h3 Nxe3 22.
fxe3 Rxf1+ 23. Qxf1 Qg6 24. Nde4 Nc5 25. Qg2 Qh6 26. Qf3 Rb8 27. Kg2 Qg6 28. Rf1
Nxe4 29. Qxe4 Qxe4+ 30. Nxe4 b5 31. Nd2 Bg5 32. Kf3 bxc4 33. Nxc4 Rb5 34. h4 Bf6
35. e4 Rc5 36. Ne3 Rb5 37. Rf2 Kf7 38. Rc2 Bd8 39. Nc4 Rc5 40. a4 Ke7 41. b3 c6
42. dxc6 Rxc6 43. Rd2 Bc7 44. Rd5 Ra6 45. Rb5 Kd7 46. Kg4 Ra8 47. Rd5 Ke6 48.
Kf3 Ke7 49. Rb5 Kd7 50. Rd5 Ke7 51. Ne3 Ke6 52. Rb5 Ra7 53. Nc4 Kd7 54. Rd5 Ke6
55. Ke2 Rb7 56. Rb5 Ra7 57. Kd2 Kd7 58. Rd5 Kc6 59. Kc3 Ra8 60. Rd3 Rf8 61. Nd2
Bb6 62. Nc4 Bc7 63. Nd2 Bb6 64. Nc4 Bc7 65. Nd2 1/2-1/2

[Event "TCh-CHN 2016"]
[Site "China CHN"]
[Date "2016.12.02"]
[Round "19.1"]
[Board "1"]
[White "Fang, Yuxiang"]
[Black "Ganguly, Surya Shekhar"]
[Result "1/2-1/2"]
[WhiteTitle "IM"]
[BlackTitle "GM"]
[WhiteElo "2502"]
[BlackElo "2672"]
[WhiteTeam "Qingdao"]
[BlackTeam "Guangdong"]
[WhiteFideId "8605840"]
[BlackFideId "5002150"]
[EventDate "2016.04.12"]

1. Nf3 c5 2. c4 Nc6 3. Nc3 e5 4. e3 Nf6 5. d4 e4 6. Ne5 h5 7. Be2 Bd6 8. Nxc6
dxc6 9. dxc5 Bxc5 10. Qxd8+ Kxd8 11. b3 Ke7 12. Bd2 Bf5 13. O-O-O Ng4 14. Bxg4
hxg4 15. Ne2 Rad8 16. Bc3 Rxd1+ 17. Kxd1 f6 18. Kc2 g5 19. Bd4 Bd6 20. Bxa7 Ra8
21. Bd4 Rxa2+ 22. Bb2 Be5 23. Nc3 Ra8 24. Ne2 Bc7 25. Ng3 Bg6 26. h4 gxh3 27.
Rxh3 Kf7 28. Ne2 Rd8 29. Rh1 Bd6 30. Rd1 Be7 31. Rxd8 Bxd8 32. g4 Bc7 33. Ng3
Ke6 34. Bd4 Bd6 35. Kd2 c5 36. Bc3 b6 37. Kc2 Be5 38. Bd2 Kd6 39. b4 Kc6 40.
bxc5 bxc5 41. Ba5 Kd6 42. Kb3 Ke6 43. Bb6 Kd6 44. Ba5 Kc6 45. Bd8 Kd7 46. Bb6
Bd6 47. Ba5 Be7 48. Bc3 Ke6 49. Kc2 Bd8 50. Kd2 Bc7 51. Kc2 Bxg3 52. fxg3 f5 53.
Ba5 fxg4 1/2-1/2

[Event "TCh-CHN 2016"]
[Site "China CHN"]
[Date "2016.12.02"]
[Round "19.1"]
[Board "2"]
[White "Inarkiev, Ernesto"]
[Black "Zeng, Chongsheng"]
[Result "1-0"]
[WhiteTitle "GM"]
[BlackTitle "GM"]
[WhiteElo "2729"]
[BlackElo "2549"]
[WhiteTeam "Qingdao"]
[BlackTeam "Guangdong"]
[WhiteFideId "4162722"]
[BlackFideId "8603847"]
[EventDate "2016.04.12"]

1. e4 c6 2. d4 d5 3. e5 Bf5 4. Nf3 e6 5. Be2 Ne7 6. O-O c5 7. c3 Nec6 8. a3 c4
9. Nbd2 Nd7 10. Ne1 Be7 11. f4 Bg6 12. Nc2 O-O 13. Ne3 b5 14. Nxd5 exd5 15. f5
Bxf5 16. Rxf5 f6 17. a4 a6 18. Bf3 Nb6 19. a5 fxe5 20. Rxf8+ Bxf8 21. axb6 exd4
22. Qe2 Qd6 23. Ne4 Qe5 24. Ng3 Qd6 25. Bf4 Qc5 26. Qe6+ Kh8 27. Bxd5 Ne7 28.
Bxa8 dxc3+ 29. Be3 cxb2 30. Rf1 1-0

[Event "TCh-CHN 2016"]
[Site "China CHN"]
[Date "2016.12.02"]
[Round "19.1"]
[Board "4"]
[White "Li, Xueyi"]
[Black "Nguyen, Thi Mai Hung"]
[Result "1/2-1/2"]
[BlackTitle "WGM"]
[WhiteElo "2112"]
[BlackElo "2357"]
[WhiteTeam "Guangdong"]
[BlackTeam "Qingdao"]
[WhiteFideId "8605912"]
[BlackFideId "12401676"]
[EventDate "2016.04.12"]

1. d4 d5 2. c4 e6 3. Nf3 Nf6 4. g3 c6 5. Bg2 Bb4+ 6. Bd2 Be7 7. O-O O-O 8. Qc2
b6 9. Rd1 Bb7 10. Bf4 Qc8 11. Nc3 Na6 12. a3 c5 13. cxd5 exd5 14. Rac1 Nc7 15.
Be5 Ne6 16. dxc5 Nxc5 17. b4 Nce4 18. Bxf6 Nxf6 19. Nd4 Rd8 20. Qb3 Qd7 21. Ncb5
Rdc8 22. Rxc8+ Qxc8 23. Qe3 Qd7 24. Bh3 Qd8 25. Rc1 Ne8 26. Rd1 Bf8 27. Bg2 Nf6
28. Qb3 Qd7 29. Nc3 Rd8 30. e3 h6 31. Nde2 g5 32. e4 d4 33. Rxd4 Qc8 34. Rxd8
Qxd8 35. Nd5 Bg7 36. h3 Nd7 37. Qa4 a6 38. Qc2 b5 39. Nc1 Nb6 40. Nxb6 Qxb6 41.
Nb3 Qc6 42. Nc5 Bf8 43. Qc1 a5 44. Qe3 Ba8 45. Bf1 a4 46. f3 Bg7 47. Qd3 Qc7 48.
Kg2 Bc6 49. Qd2 Be5 50. Na6 Qe7 51. Nc5 Bc7 52. Nd3 f6 53. Qa2+ Kh8 54. Qf2 Qd6
55. Nc1 h5 56. Ne2 h4 57. Qd4 Bd7 58. Qxd6 Bxd6 59. Nd4 Be5 60. Nxb5 hxg3 61.
Bc4 Bxb5 62. Bxb5 Bb2 63. Bxa4 Bxa3 1/2-1/2

[Event "TCh-CHN 2016"]
[Site "China CHN"]
[Date "2016.12.02"]
[Round "19.1"]
[Board "5"]
[White "Padmini, Rout"]
[Black "Zhou, Guijue"]
[Result "1/2-1/2"]
[WhiteTitle "IM"]
[BlackTitle "WIM"]
[WhiteElo "2408"]
[BlackElo "2239"]
[WhiteTeam "Guangdong"]
[BlackTeam "Qingdao"]
[WhiteFideId "5029295"]
[BlackFideId "8602905"]
[EventDate "2016.04.12"]

1. e4 d5 2. exd5 Qxd5 3. Nc3 Qa5 4. d4 Nf6 5. Nf3 Bf5 6. Ne5 c6 7. g4 Be6 8. Nc4
Bxc4 9. Bxc4 e6 10. Qe2 Nbd7 11. Bd2 Bb4 12. a3 O-O-O 13. h3 Nd5 14. Nxd5 Bxd2+
15. Qxd2 Qxd2+ 16. Kxd2 exd5 17. Bd3 Rde8 18. Rae1 h6 19. Re3 Kd8 20. h4 Nf6 21.
f3 g6 22. b4 a6 23. a4 Kc7 24. Re5 Nd7 25. Re2 Rxe2+ 26. Kxe2 Kd6 27. f4 Re8+
28. Kf3 Nf6 29. a5 Ne4 30. Rh2 Re7 31. Rh1 Nd2+ 32. Kf2 Ne4+ 33. Kf3 Nd2+ 34.
Kf2 Ne4+ 35. Kf3 Nd2+ 1/2-1/2

[Event "TCh-CHN 2016"]
[Site "China CHN"]
[Date "2016.12.02"]
[Round "19.2"]
[Board "1"]
[White "Bu, Xiangzhi"]
[Black "Yu, Ruiyuan"]
[Result "1-0"]
[WhiteTitle "GM"]
[BlackTitle "GM"]
[WhiteElo "2719"]
[BlackElo "2516"]
[WhiteTeam "Shandong"]
[BlackTeam "Jiangsu"]
[WhiteFideId "8601445"]
[BlackFideId "8603090"]
[EventDate "2016.04.12"]

1. c4 c6 2. Nf3 d5 3. e3 Nf6 4. Nc3 e6 5. d4 Nbd7 6. Bd3 dxc4 7. Bxc4 b5 8. Bd3
Bd6 9. O-O Bb7 10. Bd2 O-O 11. Rc1 Rc8 12. Ne2 e5 13. Ng3 Re8 14. Bf5 Rb8 15.
Ng5 g6 16. Qb3 Qe7 17. Bxd7 Qxd7 18. dxe5 Bxe5 19. Rfd1 Qd5 20. Qxd5 Nxd5 21. b3
Rbd8 22. Ba5 Nb6 23. Rxd8 Rxd8 24. N5e4 f5 25. Nc5 Bc8 26. Kf1 Rd5 27. e4 fxe4
28. Ncxe4 Bd7 29. Ke2 Kg7 30. Nc5 Be8 31. Nge4 h6 32. f4 Bb8 33. g3 Kf7 34. h4
Bd6 35. Nd3 Ke7 36. Bc3 Rf5 37. Bb4 Bxb4 38. Nxb4 Ke6 39. Kf3 Nc8 40. Nxc6 Rd5
41. Nb4 Rd8 42. Nc5+ Kf7 43. Ncd3 a5 44. Ne5+ Kf6 45. Na6 Nd6 46. Nc7 Bf7 47.
Rd1 b4 48. Nc6 Rd7 49. Na6 1-0

[Event "TCh-CHN 2016"]
[Site "China CHN"]
[Date "2016.12.02"]
[Round "19.2"]
[Board "3"]
[White "Wen, Yang"]
[Black "Lin, Chen"]
[Result "1-0"]
[WhiteTitle "GM"]
[BlackTitle "GM"]
[WhiteElo "2614"]
[BlackElo "2526"]
[WhiteTeam "Shandong"]
[BlackTeam "Jiangsu"]
[WhiteFideId "8602956"]
[BlackFideId "8602298"]
[EventDate "2016.04.12"]

1. e4 e5 2. Nf3 Nc6 3. Bc4 Bc5 4. O-O Nf6 5. d3 d6 6. a4 O-O 7. c3 a6 8. h3 h6
9. Re1 Be6 10. Nbd2 Ba7 11. Bxe6 fxe6 12. Nf1 Nh5 13. d4 Qf6 14. Be3 Nf4 15.
dxe5 Nxe5 16. Nxe5 Qxe5 17. Bxa7 Rxa7 18. Re3 Raa8 19. Nh2 Rf7 20. Nf3 Qc5 21.
b4 Qh5 22. a5 Raf8 23. Nd4 Qxd1+ 24. Rxd1 e5 25. Nf5 Kh7 26. Ree1 g6 27. Ne3 Ne6
28. Re2 Kg7 29. f3 Rb8 30. Red2 Kf8 31. Kh2 Ke8 32. Rb2 Kf8 33. Nc4 Ra8 34. Rc1
Nf4 35. Rd2 Ne6 36. Rdd1 Ke7 37. Ne3 Nf4 38. Rd2 Ne6 39. Kg3 Rb8 40. Kf2 Rff8
41. Rdd1 Nf4 42. c4 Rbd8 43. h4 c6 44. Rb1 Ne6 45. h5 Nd4 46. hxg6 Rf6 47. Rh1
Rxg6 48. Rh5 Kf7 49. Rbh1 Kg7 50. Ng4 Rxg4 51. fxg4 Rf8+ 52. Ke3 Nc2+ 53. Kd3
Nxb4+ 54. Kc3 c5 55. g5 hxg5 56. Rxg5+ Kf6 57. Rf5+ Kg7 58. Rxf8 Kxf8 59. Rh7 1-0

[Event "TCh-CHN 2016"]
[Site "China CHN"]
[Date "2016.12.02"]
[Round "19.2"]
[Board "4"]
[White "Yuan, Ye"]
[Black "Zhai, Mo"]
[Result "1/2-1/2"]
[BlackTitle "WGM"]
[WhiteElo "2212"]
[BlackElo "2371"]
[WhiteTeam "Jiangsu"]
[BlackTeam "Shandong"]
[WhiteFideId "8608415"]
[BlackFideId "8600201"]
[EventDate "2016.04.12"]

1. d4 Nf6 2. c4 e6 3. Nc3 Bb4 4. Qc2 O-O 5. a3 Bxc3+ 6. Qxc3 d6 7. Bg5 Nbd7 8.
Nf3 Re8 9. e3 e5 10. Be2 b6 11. O-O Ne4 12. Bxd8 Nxc3 13. bxc3 Rxd8 14. e4 Bb7
15. Nd2 Nf8 16. f4 exf4 17. Rxf4 Re8 18. Bd3 Re7 19. Re1 Rae8 20. Rf2 c5 21. Bc2
Rc8 22. Bd3 Ba6 23. d5 Ng6 24. Nf3 Rce8 25. Nd2 Ne5 26. Be2 Bc8 27. Bf1 Ng4 28.
Rfe2 Bd7 29. Nf3 Ba4 30. h3 Ne5 31. Nxe5 Rxe5 32. Kf2 g6 33. g3 Kg7 34. Kf3 b5
35. cxb5 Bxb5 36. Re3 Bxf1 37. Rxf1 f5 38. Rfe1 fxe4+ 39. Rxe4 Rf8+ 40. Kg2 Rxd5
41. c4 Rd3 42. R1e3 Rxe3 43. Rxe3 Kf7 44. Kf3 Rb8 45. Kg4 Re8 46. Rf3+ Kg7 47.
Rd3 Re6 48. Kf4 Kf6 49. h4 h6 50. g4 Ke7 51. Rb3 Rf6+ 52. Ke4 Ke6 53. g5 hxg5
54. hxg5 Rf7 55. Rb8 Rh7 56. Re8+ Re7 57. Rd8 Rh7 58. Re8+ Kf7 59. Ra8 Rh4+ 60.
Kd5 Rd4+ 61. Kc6 Rxc4 62. Kxd6 Ra4 63. Rc8 Ra6+ 64. Ke5 Rxa3 65. Rxc5 Re3+ 66.
Kd6 Rd3+ 67. Ke5 Re3+ 68. Kd6 Re7 69. Rc8 Re6+ 70. Kd5 a6 71. Ra8 Rb6 72. Ra7+
Kf8 73. Kc5 Rb5+ 74. Kc4 Ra5 75. Kd4 Rxg5 76. Rxa6 Kf7 77. Ke4 Rf5 78. Rb6 Kg7
79. Rb8 Rf7 80. Rb5 Kh6 81. Rb8 Kh5 82. Rb1 g5 83. Rh1+ Kg6 84. Rg1 Rf5 85. Rg2
Rf4+ 86. Ke3 Kh5 87. Rg1 Kh4 88. Rh1+ Kg4 89. Rg1+ Kf5 90. Ra1 Kf6 91. Ra6+ Kf5
92. Ra1 Kg6 93. Ra6+ Kh5 94. Ra1 Rf5 95. Ke4 Rf2 96. Ke3 Rh2 97. Kf3 Kh4 98.
Ra4+ Kh5 99. Kg3 Rb2 100. Rc4 Rb3+ 101. Kg2 Kg6 102. Rc6+ Kf5 103. Rc5+ Kg4 104.
Rc4+ Kh5 105. Ra4 Re3 106. Rc4 Re5 107. Kg3 Rd5 108. Rb4 g4 109. Rb8 Rd3+ 110.
Kg2 Rf3 111. Rh8+ Kg5 112. Rg8+ Kf4 113. Rf8+ Ke4 114. Rxf3 gxf3+ 115. Kf2 Kf4
116. Kf1 Kg4 117. Kf2 Kf4 118. Kf1 Ke3 119. Ke1 f2+ 120. Kf1 1/2-1/2

[Event "TCh-CHN 2016"]
[Site "China CHN"]
[Date "2016.12.02"]
[Round "19.2"]
[Board "5"]
[White "Guo, Qi"]
[Black "Chu, Ruotong"]
[Result "1-0"]
[WhiteTitle "IM"]
[WhiteElo "2436"]
[BlackElo "2078"]
[WhiteTeam "Jiangsu"]
[BlackTeam "Shandong"]
[WhiteFideId "8604002"]
[BlackFideId "8605653"]
[EventDate "2016.04.12"]

1. d4 Nf6 2. c4 g6 3. Nc3 d5 4. cxd5 Nxd5 5. e4 Nxc3 6. bxc3 Bg7 7. Qa4+ Qd7 8.
Bb5 c6 9. Be2 O-O 10. Qa3 Qe6 11. e5 Nd7 12. Nh3 Nb6 13. O-O Qf5 14. Nf4 Re8 15.
Re1 Nd5 16. Bd3 Qd7 17. e6 Qd6 18. exf7+ Kxf7 19. Qb3 e6 20. Nh3 Kg8 21. Ng5 Qd8
22. Nf3 Qb6 23. Qc2 c5 24. Ba3 cxd4 25. cxd4 Qa5 26. Bd6 Bd7 27. Be5 Rac8 28.
Qe2 Nb4 29. Bxg7 Nxd3 30. Qxd3 Kxg7 31. Ne5 Qd5 32. h4 Bc6 33. Qg3 Qd8 34. h5
Qf6 35. Ng4 Qxd4 36. Rad1 Qb2 37. Rb1 Qd4 38. Ne5 Qd8 39. hxg6 h6 40. Rb4 Rf8
41. Nxc6 bxc6 42. Rb7+ Kf6 43. Qe5+ 1-0

[Event "TCh-CHN 2016"]
[Site "China CHN"]
[Date "2016.12.02"]
[Round "19.3"]
[Board "1"]
[White "Liu, Guanchu"]
[Black "Wang, Yue"]
[Result "1/2-1/2"]
[WhiteTitle "IM"]
[BlackTitle "GM"]
[WhiteElo "2366"]
[BlackElo "2718"]
[WhiteTeam "Chengdu"]
[BlackTeam "Tianjing"]
[WhiteFideId "8603901"]
[BlackFideId "8601429"]
[EventDate "2016.04.12"]

1. e4 e5 2. Nf3 Nc6 3. Nc3 Nf6 4. Bb5 Bb4 5. O-O O-O 6. d3 Bxc3 7. bxc3 d6 8.
Bxc6 bxc6 9. Rb1 c5 10. c4 Nd7 11. Be3 f5 12. exf5 Nb6 13. g4 h5 14. h3 hxg4 15.
hxg4 g6 16. Ng5 gxf5 17. gxf5 Qf6 18. f4 Bxf5 19. Qh5 Rae8 20. Rf2 Bg6 21. Qh6
Qg7 22. Qxg7+ Kxg7 23. fxe5 Rxe5 24. Rxf8 Kxf8 25. Kf2 Ke7 26. Nh3 Kd7 27. Nf4
Be8 28. Ke2 Kc6 29. Kd2 Bf7 30. Re1 Re8 31. Bf2 Rf8 32. Bg3 Rg8 33. Bf2 Rg4 34.
Be3 Rh4 35. Rg1 Nd7 36. Kc3 Rh7 37. Rg3 Nb6 38. Rh3 Rxh3 39. Nxh3 d5 40. Bf2
dxc4 41. dxc4 Bxc4 42. a3 Kb5 43. Nf4 a6 44. Bh4 Bf7 45. Bd8 Na4+ 46. Kd2 c6 47.
Ne2 Kc4 48. Ba5 Kb5 49. Bd8 Kc4 50. Ba5 Nb2 51. Bc3 Na4 52. Ba5 1/2-1/2